000
00308nam a22001337a 4500
008
170310b xxu||||| |||| 00| 0 eng d
020
_a
9781416027676
041
_a
eng
080
_a
611
100
_a
7
101
_a
SHM
245
_a
RHEUMATICS DISEASE CLINICS OF NORTH AMERICA
_c
EMERY.P
942
_2
udc
_c
BK
999
_c
7424
_d
7424